00281pam a2200109 a 4500020000500000041000500005082002800010100001900038245006500057260003800122300001100160 c h a650.11000000000001bATK aAtkinson, P.E. aAchieving Results Through Time ManagementhTextual Documents aLondonbPitman Business Education a182/PB